Missing Word: Rock and Roll Hall of Fame Quiz Stats

 Plays Quiz Updated Oct 2, 2015

Challenge
Share
Tweet
Embed
Score 0/30 Timer 04:00
0 Plays Today
Name Missing Word % Correct
The _____ GeesBee
98.4%
_____ SabbathBlack
98.2%
Elton _____John
97.7%
_____ N' RosesGuns
97.6%
Red Hot _____ PeppersChili
97.1%
The _____ StonesRolling
95.7%
Earth, _____ & FireWind
94.8%
Janis _____Joplin
94%
Creedence _____ RevivalClearwater
91.1%
Led _____Zeppelin
86.6%
Fats _____Domino
84.5%
_____ TopZZ
84.4%
_____ MacFleetwood
83.8%
The _____ DeadGrateful
83.7%
Smokey _____Robinson
83.3%
Name Missing Word % Correct
Tom Petty and the _____Heartbreakers
82.5%
Louis _____Armstrong
81.2%
Sly and the Family _____Stone
79.4%
Lynyrd _____Skynyrd
78.2%
Roy _____Orbison
74.1%
Johnny _____Cash
73.6%
Dusty _____Springfield
73.6%
The Velvet _____Underground
73.5%
Lovin' _____Spoonful
69.7%
Joan Jett & the _____Blackhearts
60.8%
Martha and the _____Vandellas
53.7%
The O'_____Jays
51.6%
_____ Flash and the Furious FiveGrandmaster
34.8%
Parliament-_____Funkadelic
30.5%
_____ WolfHowlin'
23.1%

Today's Daily Dose

You're not logged in!

Compare scores with friends on all Sporcle quizzes.
OR
Log In

You Might Also Like...

Show Comments

Extras

Top Quizzes Today


Score Distribution

Your Account Isn't Verified!

In order to create a playlist on Sporcle, you need to verify the email address you used during registration. Go to your Sporcle Settings to finish the process.

Report this User

Report this user for behavior that violates our Community Guidelines.

Details: